Statistics for NHL Team Stat Leaders

Click here to take the quiz!

General Stats

  • This quiz has been taken 11 times
  • The average score is 101 of 321

Answer Stats

TeamPointsAnswer% Correct
Washington Capitals1550Alex Ovechkin
82%
Boston Bruins888Bobby Orr
82%
Edmonton Oilers982Connor McDavid
82%
Los Angeles Kings1307Marcel Dionne
82%
Pittsburgh Penguins1723Mario Lemieux
82%
Boston Bruins1506Ray Bourque
82%
Los Angeles Kings918Wayne Gretzky
82%
Edmonton Oilers1669Wayne Gretzky
82%
Toronto Maple Leafs649Auston Matthews
73%
Philadelphia Flyers1210Bobby Clarke
73%
Chicago Blackhawks1153Bobby Hull
73%
St. Louis Blues936Brett Hull
73%
Vancouver Canucks1041Daniel Sedin
73%
Chicago Blackhawks640Dennis Hull
73%
Detroit Red Wings1809Gordie Howe
73%
Vancouver Canucks1070Henrik Sedin
73%
Montréal Canadiens1046Henri Richard
73%
Colorado Avalanche1641Joe Sakic
73%
Los Angeles Kings1154Luc Robitaille
73%
Montréal Canadiens966Maurice Richard
73%
Dallas Stars1359Mike Modano
73%
Chicago Blackhawks1225Patrick Kane
73%
Pittsburgh Penguins1596Sidney Crosby
73%
Nashville Predators605Filip Forsberg
64%
Montréal Canadiens1246Guy Lafleur
64%
Pittsburgh Penguins1079Jaromír Jágr
64%
Montréal Canadiens1219Jean Béliveau
64%
San Jose Sharks1055Joe Thornton
64%
Chicago Blackhawks883Jonathan Toews
64%
Pittsburgh Penguins555Kevin Stevens
64%
Edmonton Oilers1034Mark Messier
64%
New York Rangers691Mark Messier
64%
Tampa Bay Lightning953Martin St. Louis
64%
Toronto Maple Leafs987Mats Sundin
64%
Colorado Avalanche755Peter Forsberg
64%
Boston Bruins1012Phil Esposito
64%
New Jersey Devils430Scott Stevens
64%
Chicago Blackhawks1467Stan Mikita
64%
Tampa Bay Lightning1137Steven Stamkos
64%
Detroit Red Wings1755Steve Yzerman
64%
Anaheim Ducks988Teemu Selänne
64%
Los Angeles Kings1211Anže Kopitar
55%
Boston Bruins929Brad Marchand
55%
Detroit Red Wings633Brendan Shanahan
55%
New York Rangers981Brian Leetch
55%
Anaheim Ducks776Corey Perry
55%
Los Angeles Kings712Dustin Brown
55%
Philadelphia Flyers659Eric Lindros
55%
Carolina Hurricanes775Eric Staal
55%
Pittsburgh Penguins1296Evgeni Malkin
55%
Buffalo Sabres1326Gilbert Perreault
55%
Edmonton Oilers906Glenn Anderson
55%
Edmonton Oilers1043Jari Kurri
55%
Calgary Flames1095Jarome Iginla
55%
New York Rangers817Jean Ratelle
55%
New York Islanders621John Tavares
55%
Vegas Golden Knights417Jonathan Marchessault
55%
Carolina Hurricanes427Jordan Staal
55%
Arizona Coyotes623Keith Tkachuk
55%
New York Islanders1126Mike Bossy
55%
Toronto Maple Leafs639Mitch Marner
55%
Detroit Red Wings1142Nicklas Lidstrom
55%
Tampa Bay Lightning873Nikita Kucherov
55%
Boston Bruins1040Patrice Bergeron
55%
Vancouver Canucks478Pavel Bure
55%
Columbus Blue Jackets547Rick Nash
55%
Los Angeles Kings494Rob Blake
55%
Carolina Hurricanes473Rod Brind'Amour
55%
Carolina Hurricanes1175Ron Francis
55%
Pittsburgh Penguins613Ron Francis
55%
Anaheim Ducks1019Ryan Getzlaf
55%
Tampa Bay Lightning874Vincent Lecavalier
55%
Florida Panthers711Aleksander Barkov
45%
Detroit Red Wings1281Alex Delvecchio
45%
St. Louis Blues452Al MacInnis
45%
Calgary Flames822Al MacInnis
45%
Colorado Avalanche636Anton Šťastný
45%
Dallas Stars554Bobby Smith
45%
Ottawa Senators349Brady Tkachuk
45%
San Jose Sharks594Brent Burns
45%
New York Islanders1353Bryan Trottier
45%
Nashville Predators330Craig Smith
45%
Toronto Maple Leafs916Darryl Sittler
45%
Los Angeles Kings1069Dave Taylor
45%
New York Islanders1052Denis Potvin
45%
Chicago Blackhawks1096Denis Savard
45%
Ottawa Senators518Erik Karlsson
45%
Detroit Red Wings960Henrik Zetterberg
45%
Dallas Stars907Jamie Benn
45%
Arizona Coyotes379Jeremy Roenick
45%
San Jose Sharks761Joe Pavelski
45%
Boston Bruins1339Johnny Bucyk
45%
Florida Panthers613Jonathan Huberdeau
45%
Montréal Canadiens883Larry Robinson
45%
Edmonton Oilers850Leon Draisaitl
45%
Ottawa Senators390Marián Hossa
45%
Vegas Golden Knights256Mark Stone
45%
Washington Capitals789Mike Gartner
45%
Minnesota Wild709Mikko Koivu
45%
Florida Panthers295Nathan Horton
45%
New York Islanders566Pat LaFontaine
45%
San Jose Sharks1111Patrick Marleau
45%
Edmonton Oilers669Paul Coffey
45%
Anaheim Ducks669Paul Kariya
45%
Colorado Avalanche1048Peter Šťastný
45%
Vegas Golden Knights286Reilly Smith
45%
Montréal Canadiens641Saku Koivu
45%
Anaheim Ducks264Scott Niedermayer
45%
New Jersey Devils476Scott Niedermayer
45%
Carolina Hurricanes557Sebastian Aho
45%
Dallas Stars549Sergei Zubov
45%
Columbus Blue Jacket223Seth Jones
45%
Calgary Flames830Theo Fleury
45%
Tampa Bay Lightning728Victor Hedman
45%
Vegas Golden Knights367William Karlsson
45%
Florida Panthers347Aaron Ekblad
36%
St. Louis Blues1073Bernie Federko
36%
Los Angeles Kings758Bernie Nicholls
36%
Toronto Maple Leafs768Börje Salming
36%
Philadelphia Flyers900Claude Giroux
36%
Arizona Coyotes929Dale Hawerchuk
36%
Buffalo Sabres804Dave Andreychuk
36%
Toronto Maple Leafs858Dave Keon
36%
Boston Bruins727David Pastrňák
36%
Dallas Stars651Dino Ciccarelli
36%
Los Angeles Kings669Drew Doughty
36%
Winnipeg Jets416Dustin Byfuglien
36%
Calgary Flames609Johnny Gaudreau
36%
Minnesota Wild330Kirill Kaprizov
36%
Pittsburgh Penguins742Kris Letang
36%
Winnipeg Jets485Kyle Connor
36%
Minnesota Wild437Marián Gáborík
36%
Philadelphia Flyers627Mark Recchi
36%
Winnipeg Jets717Mark Scheifele
36%
Colorado Avalanche946Michel Goulet
36%
Colorado Avalanche617Mikko Rantanen
36%
Colorado Avalanche899Nathan MacKinnon
36%
Washington Capitals1033Nicklas Bäckström
36%
Winnipeg Jets457Nikolaj Ehlers
36%
Arizona Coyotes388Oliver Ekman-Larsson
36%
New Jersey Devils1025Patrik Eliáš
36%
Carolina Hurricanes403Pat Verbeek
36%
Detroit Red Wings918Pavel Datsyuk
36%
Chicago Blackhawks627Pit Martin
36%
Buffalo Sabres695Rick Martin
36%
Nashville Predators686Roman Josi
36%
Detroit Red Wings954Sergei Fedorov
36%
Arizona Coyotes972Shane Doan
36%
Vegas Golden Knights289Shea Theodore
36%
Vancouver Canucks733Trevor Linden
36%
Ottawa Senators491Alexei Yashin
27%
Philadelphia Flyers883Bill Barber
27%
Winnipeg Jets812Blake Wheeler
27%
Tampa Bay Lightning489Brad Richards
27%
Tampa Bay Lightning553Brayden Point
27%
New York Rangers552Chris Kreider
27%
New York Islanders663Clark Gillies
27%
Arizona Coyotes418Clayton Keller
27%
Ottawa Senators1108Daniel Alfredsson
27%
Nashville Predators566David Legwand
27%
Edmonton Oilers577Doug Weight
27%
Chicago Blackhawks625Duncan Keith
27%
Washington Capitals568Evgeny Kuznetsov
27%
Colorado Avalanche571Gabriel Landeskog
27%
Winnipeg Jets615Ilya Kovalchuk
27%
Vegas Golden Knights159Jack Eichel
27%
Carolina Hurricanes379Jeff Skinner
27%
Seattle Kraken151Jordan Eberle
27%
Winnipeg Jets311Josh Morrissey
27%
San Jose Sharks701Logan Couture
27%
Vancouver Canucks756Markus Näslund
27%
Seattle Kraken103Matthew Beniers
27%
Colorado Avalanche805Milan Hejduk
27%
Washington Capitals825Peter Bondra
27%
Buffalo Sabres558Phil Housley
27%
New York Rangers1021Rod Gilbert
27%
Edmonton Oilers699Ryan Nugent-Hopkins
27%
Edmonton Oilers631Ryan Smyth
27%
Florida Panthers354Scott Mellanby
27%
Nashville Predators443Shea Weber
27%
Montréal Canadiens776Steve Shutt
27%
Pittsburgh Penguins500Syl Apps
27%
Detroit Red Wings728Ted Lindsay
27%
San Jose Sharks484Tomáš Hertl
27%
Dallas Stars667Tyler Seguin
27%
Montréal Canadiens863Yvan Cournoyer
27%
Columbus Blue Jackets302Zach Werenski
27%
New Jersey Devils469Aaron Broten
18%
Seattle Kraken76Adam Larsson
18%
St. Louis Blues496Alexander Steen
18%
Vegas Golden Knights154Alex Pietrangelo
18%
Colorado Avalanche488Alex Tanguay
18%
Montréal Canadiens759Bernie Geoffrion
18%
Columbus Blue Jackets364Boone Jenner
18%
New York Islanders610Brent Sutter
18%
Philadelphia Flyers849Brian Propp
18%
St. Louis Blues636Brian Sutter
18%
Columbus Blue Jackets402Cam Atkinson
18%
Vegas Golden Knights237Chandler Stephenson
18%
Ottawa Senators362Dany Heatley
18%
Boston Bruins786David Krejčí
18%
Chicago Blackhawks779Doug Wilson
18%
Calgary Flames564Gary Suter
18%
Toronto Maple Leafs713George Armstrong
18%
Calgary Flames616Joe Nieuwendyk
18%
Washington Capitals674John Carlson
18%
New Jersey Devils701John MacLean
18%
San Jose Sharks376Marc-Édouard Vlasic
18%
Calgary Flames509Mark Giordano
18%
Minnesota Wild281Mats Zuccarello
18%
Vegas Golden Knights194Max Pacioretty
18%
Calgary Flames531Mikael Backlund
18%
Buffalo Sabres511Mike Foligno
18%
Dallas Stars867Neal Broten
18%
Columbus Blue Jackets334Nick Foligno
18%
Detroit Red Wings758Norm Ullman
18%
Florida Panthers419Olli Jokinen
18%
Tampa Bay Lightning423Ondřej Palát
18%
San Jose Sharks451Owen Nolan
18%
Arizona Coyotes518Paul MacLean
18%
Buffalo Sabres552René Robert
18%
Boston Bruins898Rick Middleton
18%
Toronto Maple Leafs640Ron Ellis
18%
Minnesota Wild369Ruan Suter
18%
Nashville Predators270Ryan Ellis
18%
New Jersey Devils484Scott Gomez
18%
Chicago Blackhawks923Steve Larmer
18%
Arizona Coyotes817Thomas Steen
18%
Seattle Kraken145Vince Dunn
18%
St. Louis Blues553Vladimir Tarasenko
18%
Minnesota Wild400Zach Parise
18%
New Jersey Devils410Zach Parise
18%
Minnesota Wild321Andrew Brunette
9%
New York Rangers729Andy Bathgate
9%
Washington Capitals554Bengt-Åke Gustafsson
9%
Anaheim Ducks289Bobby Ryan
9%
Vancouver Canucks420Bo Horvat
9%
Dallas Stars528Brenden Morrow
9%
Dallas Stars722Brian Bellows
9%
Winnipeg Jets521Bryan Little
9%
Toronto Maple Leafs563Bub Pulford
9%
Los Angeles Kings659Butch Goring
9%
Anaheim Ducks453Cam Fowler
9%
Washington Capitals556Dale Hunter
9%
Columbus Blue Jackets317David Výborný
9%
Toronto Maple Leafs597Frank Mahovlich
9%
Montréal Canadiens835Jacques Lemaire
9%
Seattle Kraken93Jaden Schwartz
9%
Anaheim Ducks354Jakob Silfverberg
9%
Philadelphia Flyers604Jakub Voráček
9%
Seattle Kraken182Jared McCann
9%
Minnesota Wild384Jared Spurgeon
9%
Carolina Hurricanes416Jeff O'Neill
9%
Philadelphia Flyers643John LeClair
9%
New York Islanders580Josh Bailey
9%
Carolina Hurricanes544Kevin Dineen
9%
New Jersey Devils520Kirk Muller
9%
Nashville Predators481Martin Erat
9%
Washington Capitals599Michal Pivoňka
9%
Minnesota Wild317Mikael Granlund
9%
Ottawa Senators348Mike Fisher
9%
Washington Capitals547Mike Ridley
9%
Ottawa Senators399Radek Bonk
9%
Pittsburgh Penguins636Rick Kehoe
9%
Philadelphia Flyers697Rick MacLeish
9%
Florida Panthers290Róbert Švehla
9%
New York Rangers610Ron Greschner
9%
Nashville Predators362Ryan Johansen
9%
Vancouver Canucks673Stan Smyl
9%
Anaheim Ducks432Steve Rucchin
9%
Arizona Coyotes534Teppo Numminen
9%
Carolina Hurricanes415Teuvo Teravainen
9%
Philadelphia Flyers650Tim Kerr
9%
San Jose Sharks316Timo Meier
9%
Winnipeg Jets308Toby Enström
9%
Vancouver Canucks449Todd Bertuzzi
9%
Vancouver Canucks470Tony Tanti
9%
New York Rangers572Vic Hadfield
9%
Florida Panthers291Viktor Kozlov
9%
Winnipeg Jets416Vyacheslav Kozlov
9%
Boston Bruins793Wayne Cashman
9%
Seattle Kraken129Yanni Gourde
9%
Seattle Kraken100Alexander Wennberg
0%
Tampa Bay Lightning466Alex Killorn
0%
Vegas Golden Knights139Alex Tuch
0%
New York Islanders542Bob Bourne
0%
New Jersey Devils472Bobby Holik
0%
Columbus Blue Jackets225Brandon Dubinsky
0%
Buffalo Sabres672Craig Ramsey
0%
Buffalo Sabres500Danny Gare
0%
Dallas Stars534Dave Gagner
0%
St. Louis Blues460David Backes
0%
St. Louis Blues465David Perron
0%
Buffalo Sabres526Don Luce
0%
Arizona Coyotes397Doug Smail
0%
Seattle Kraken68Eeli Tolvanen
0%
St. Louis Blues575Garry Unger
0%
Calgary Flames529Guy Chouinard
0%
Buffalo Sabres521Jason Pominville
0%
Ottawa Senators687Jason Spezza
0%
Pittsburgh Penguins603Jean Pronovost
0%
San Jose Sharks350Jeff Friesen
0%
New York Islanders544John Tonelli
0%
Calgary Flames562Kent Nilsson
0%
Nashville Predators301Kimmo Timonen
0%
Arizona Coyotes379Laurie Boschman
0%
Nashville Predators268Mattias Ekholm
0%
Seattle Kraken105Oliver Bjorkstrand
0%
Columbus Blue Jackets234Oliver Bjorkstrand
0%
St. Louis Blues493Pavol Demitra
0%
Minnesota Wild347Pierre-Marc Bouchard
0%
Anaheim Ducks339Rickard Rakell
0%
Columbus Blue Jackets250R.J. Umberger
0%
Florida Panthers394Stephen Weiss
0%
New York Rangers586Steve Vickers
0%
Vancouver Canucks550Thomas Gradin
0%
New Jersey Devils550Travis Zajac
0%
Tampa Bay Lightning371Václav Prospal
0%
Florida Panthers282Vincent Trocheck
0%
Ottawa Senators410Wade Redden
0%
New York Rangers678Walt Tkaczuk
0%

Score Distribution

Percentile by Number Answered

Percent of People with Each Score

Your Score History

You have not taken this quiz